00503 2200193 4500001002100000005001500021035002000036007000300056008004100059020001800100082001000118084001600128100001900144245006000163260003800223300002900261990000900290990001000299INLIS00000000000937320210901095522 a0010-0921000003ta210901 g 0 ind  a9789790022546 a636.6 a636.6 BUD m0 aBUDIMAN, Arief1 aMenentukan lokasi budi daya walet /cDrs. Arief Budiman aJakarta :bPenebar Swadaya,c2008 aviii, 48 hlm. ;c20,5 cm a2276 a2276a